|
|
|
|
| LEADER |
00995nam a2200325 a 4500 |
| 001 |
000348582 |
| 003 |
CZ BrMZK |
| 005 |
20240522101826.0 |
| 007 |
ta |
| 008 |
980115s1996 xr e 000 0 cze d |
| 015 |
|
|
|a cnb000279367
|
| 020 |
|
|
|a 80-7113-170-9
|
| 035 |
|
|
|a (OCoLC)38297144
|
| 040 |
|
|
|a BOA001
|b cze
|
| 072 |
|
7 |
|a 14
|x Filozofické systémy a hlediska
|2 Konspekt
|9 5
|
| 080 |
|
|
|a 141.319.8
|2 MRF
|
| 080 |
|
|
|a (048.8)
|2 MRF
|
| 100 |
1 |
|
|a Coreth, Emerich,
|d 1919-2006
|7 jo20000076523
|4 aut
|
| 245 |
1 |
0 |
|a Co je člověk? /
|c Emerich Coreth
|
| 250 |
|
|
|a 2. vyd.
|
| 260 |
|
|
|a Praha :
|b Zvon,
|c 1996
|
| 300 |
|
|
|a 211 s. ;
|c 21 cm
|
| 490 |
1 |
|
|a Studium ;
|v č. 47
|
| 650 |
0 |
7 |
|a filozofická antropologie
|7 ph114539
|2 czenas
|
| 655 |
|
7 |
|a monografie
|7 fd132842
|2 czenas
|
| 765 |
0 |
|
|t Was ist der Mensch?
|9 Česky
|
| 830 |
|
0 |
|a Studium (Zvon)
|
| 910 |
|
|
|a BOA001
|b 2-1049.134
|
| 990 |
|
|
|a BK
|
| 996 |
6 |
|
|b 2610077235
|c 2-1049.134
|l MZK
|r Sklad / do 1 hodiny
|n 38
|w 000348582
|u 000010
|a 1
|e BOA001
|j MZK50
|s P
|